000 00503nam a2200181 4500
001 7423
005 20230410142343.0
008 060907n1996 dr spa
020 _a0789901412
035 _9funglode7487
041 _aES
050 1 4 _aBX 1753 P154c 1996
100 _aPalau, Luis
245 1 _aCorazón para Dios :
_bcómo llegar a ser hombres y mujeres conformes al corazón de Dios /
_cLuis Palau
260 _aMiami :
_bUnilit,
_c1996
300 _a126 p.
942 _2lcc
_cbk
999 _c94142
_d94142